| 000 | 00535nam a2200181Ia 4500 | ||
|---|---|---|---|
| 003 | GCL | ||
| 008 | 140319s9999 xx 000 0 ara d | ||
| 040 |
_aGCL / _cGCL |
||
| 082 | 0 | 4 |
_a928.1 _bن ش |
| 100 | 1 | _aنجيب الكيلانى | |
| 245 | 1 | 0 |
_aشوقى فى ركب الخالدين / _cنجيب الكيلانى |
| 260 |
_aبيروت : _bمؤسسة الدراسات الفلسطينية ، _c1988 |
||
| 300 |
_a164 ص ؛ _c25 سم |
||
| 490 | _a | ||
| 650 | 0 | 4 | _aالشعر |
| 650 | 0 | 4 | _aاحمد شوقى |
| 942 |
_2ddc _cBK |
||
| 999 |
_c53477 _d53477 |
||